000 00684nam a2200241 i 4500
001 C2-0237283
003 PPAK
005 20180727200831.0
008 011209s1995 io |||| ||||| | may d
020 _a4794595179
040 _aPPAK
_beng
_cPPAK
_erda
082 0 4 _a499.2765
_223
090 0 0 _a499.2765
_bWAT
_dKIH
100 1 _aWattimury, E,
_eauthor
245 1 0 _aSintaksis bahasa Tarangan
264 1 _aJakarta, Indonesia :
_bPusat Pembinaan dan Pengembangan Bahasa ,
_c1995
300 _axi, 94 pages ;
_c21 cm
336 _2rdacontent
_atext
337 _2rdamedia
_aunmediated
338 _2rdacarrier
_avolume
650 1 0 _aTarangan Language - Syntax
942 _ddc
_cB
999 _c52966
_d52966